[Event "Saint Louis Rapid 2024"]
[Site "Saint Louis USA"]
[Date "2024.08.14"]
[Round "9"]
[White "Nakamura, Hikaru"]
[Black "Praggnanandhaa, R."]
[Result "1-0"]
[WhiteElo "2802"]
[BlackElo "2749"]
[Annotator "Chessbase"]
[PlyCount "115"]
[EventDate "2024.08.12"]
[EventType "rapid"]

{[%evp 0,57,25,25,24,-15,19,-46,-20,-39,15,12,12,17,16,6,-7,-3,9,-8,-1,-10,-7,-29,10,-19,34,39,24,17,24,14,25,12,25,7,21,-11,27,10,42,45,57,7,28,0,15,23,17,0,2,2,0,0,60,44,44,19,12,12]} 1. Nf3 Nf6 2. g3 g6 3. b3 Bg7 4. Bb2 b6 5. c4 Bb7 6. Bg2 c5 7. e3 O-O 8. O-O d5 9. Qe2 ({Relevant:} 9. d4 dxc4 10. bxc4 cxd4 11. exd4 Nc6 12. Nbd2 Rc8 13. Ne5 e6 14. Rc1 Rc7 15. Nb3 Nxe5 16. dxe5 Nd7 17. Bxb7 Rxb7 18. Qe2 Qc7 19. Ba3 Nc5 20. f4 Nxb3 21. axb3 Rc8 22. Bd6 Qc6 23. b4 Bf8 24. Rfd1 a5 25. b5 Qe8 26. Qe3 Be7 27. Kf2 Kg7 28. Bxe7 Qxe7 29. Rd6 Rc5 30. Qd4 a4 31. Ra1 Ra7 32. Rxb6 Qc7 33. Qd6 Rxc4 34. Qxc7 Raxc7 35. Rc6 R7xc6 36. bxc6 h6 37. c7 Rxc7 38. Rxa4 Rc2+ {Artemiev,V (2697)-Kovalenko,I (2674) Chess.com INT 2023 ½-½}) 9... Nc6 10. Ne5 ({RR} 10. d4 dxc4 11. bxc4 cxd4 12. exd4 e6 13. Nbd2 Qc7 14. Rac1 Rfd8 15. Rfe1 Rac8 16. Nb3 Qb8 17. a4 Qa8 18. h4 Ne7 19. d5 exd5 20. Qxe7 Rd7 21. Qe2 dxc4 22. Nbd2 Rxd2 23. Nxd2 Bxg2 24. f3 Bh3 {Kazakouski,V (2608)-Boyer,M (2415) chess.com INT 2024 1-0 (39)}) ({RR} 10. d4 dxc4 11. bxc4 cxd4 12. exd4 e6 13. Nbd2 Qc7 14. Rac1 Rfd8 15. Rfe1 Rac8 16. Nb3 Qb8 17. a4 Qa8 18. h4 Ne7 19. d5 exd5 20. Qxe7 Rd7 21. Qe2 dxc4 22. Nbd2 Rxd2 23. Nxd2 Bxg2 24. f3 Bh3 {Kazakouski,V (2608)-Boyer,M (2415) chess.com INT 2024 1-0 (39)}) ({RR} 10. Rd1 dxc4 11. bxc4 Qc7 12. d4 cxd4 13. exd4 Na5 14. Na3 e6 15. Rac1 Rac8 16. Nb5 Qb8 17. d5 exd5 18. Be5 Rfe8 19. Qb2 Qa8 20. Bxf6 Nxc4 21. Rxc4 dxc4 22. Bxg7 Bxf3 23. Bh6 c3 24. Nxc3 {1-0 (24) Nakamura,H (2766)-Xiong,J (2688) Chess.com INT 2022}) 10... Qc7 11. f4 Rad8 12. d3 {[#]} a6 $146 ({Predecessor:} 12... dxc4 13. bxc4 Nxe5 14. Bxe5 Qd7 15. Bxb7 Qxb7 16. Nc3 Rd7 17. Rab1 Rfd8 18. Bxf6 Bxf6 19. Ne4 Qc6 20. Rb3 Bg7 21. f5 gxf5 22. Rxf5 h6 23. Rf4 Qg6 24. Nf2 e5 25. Rg4 Qe6 26. e4 Kh7 27. Rh4 a6 28. Rh5 b5 29. cxb5 axb5 30. Rxb5 c4 31. dxc4 Rd2 32. Qf1 Rxa2 33. Rf5 Rdd2 34. Rb7 Rd7 35. Rxd7 Qxd7 36. Qb1 Re2 37. Qb3 Rxe4 38. Nxe4 Qxf5 39. Qc2 Bf8 40. Ng5+ Kg6 41. Qxf5+ Kxf5 42. Nxf7 {Liu,Y (2516)-Lin,Y (2345) Daqing 2018 ½-½}) ({RR} 12... dxc4 13. bxc4 Nxe5 14. Bxe5 Qd7 15. Bxb7 Qxb7 16. Nc3 Rd7 17. Rab1 Rfd8 18. Bxf6 Bxf6 19. Ne4 Qc6 20. Rb3 Bg7 21. f5 gxf5 22. Rxf5 h6 23. Rf4 Qg6 24. Nf2 e5 25. Rg4 Qe6 26. e4 Kh7 27. Rh4 {Liu,Y (2516)-Lin,Y (2345) Daqing 2018 ½-½ (46)}) ({RR} 12... dxc4 13. bxc4 Nxe5 14. Bxe5 Qd7 15. Bxb7 Qxb7 16. Nc3 Rd7 17. Rab1 Rfd8 18. Bxf6 Bxf6 19. Ne4 Qc6 20. Rb3 Bg7 21. f5 gxf5 22. Rxf5 h6 23. Rf4 Qg6 24. Nf2 e5 25. Rg4 Qe6 26. e4 Kh7 27. Rh4 {Liu,Y (2516)-Lin,Y (2345) Daqing 2018 ½-½ (46)}) 13. Nd2 dxc4 14. bxc4 Nd7 15. Nxc6 Bxc6 16. Bxg7 Bxg2 17. Qxg2 Kxg7 18. Nf3 Nb8 19. Rfd1 Rd6 20. Rab1 Kg8 21. Rb3 Nc6 22. a3 Rb8 23. Qc2 Rbd8 24. Qc3 Na5 25. Rb2 Qc6 26. Ne5 Qa8 27. Ng4 f6 28. Nf2 Qf3 29. Qc1 Qc6 30. Qc2 Qf3 31. Re1 Kg7 32. Qe2 Qxe2 33. Rexe2 e5 34. Rec2 exf4 35. gxf4 Re6 36. Re2 Rde8 37. Kg2 Kf7 38. Kf3 Nc6 39. Ne4 Ne7 40. Ng3 Nc6 41. Ne4 Ne7 42. a4 a5 43. Rb3 h6 44. Reb2 f5 45. Nc3 Nc6 46. Nd5 Nb4 47. Re2 g5 48. Nc7 g4+ 49. Kf2 Rd6 50. Nxe8 Rxd3 51. Rxd3 Nxd3+ 52. Kg3 Kxe8 53. e4 fxe4 54. Kxg4 Kf7 55. Kf5 e3 56. Rxe3 Nb2 57. Rc3 Nxa4 58. Rb3 1-0

[Event "Saint Louis Rapid 2024"]
[Site "Saint Louis USA"]
[Date "2024.08.14"]
[Round "9"]
[White "Caruana, F."]
[Black "Nepomniachtchi, I."]
[Result "1-0"]
[WhiteElo "2793"]
[BlackElo "2767"]
[Annotator "Chessbase"]
[PlyCount "145"]
[EventDate "2024.08.12"]
[EventType "rapid"]

1. Nf3 d5 2. g3 Bg4 3. Bg2 e6 4. c4 c6 5. Qb3 Qb6 6. d3 Nd7 7. O-O Ngf6 8. Be3 Bc5 9. Bxc5 Nxc5 10. Qc2 O-O 11. Nbd2 a5 ({RR} 11... Rfe8 12. Rfb1 a5 13. a3 a4 14. b4 axb3 15. Nxb3 Nxb3 16. Rxb3 Qc5 17. Rxb7 Rxa3 18. Rxa3 Qxa3 19. Ne5 Qa6 20. Rb1 Bf5 21. h3 h6 22. cxd5 cxd5 23. Qc7 Rf8 24. Rb7 Ne8 25. Qe7 Qd6 26. Qxd6 {Leiva,G (2387)-Player,E (2130) chess.com INT 2025 0-1}) 12. b3 $146 ({RR} 12. Rac1 Ncd7 13. Rfe1 Rfe8 14. e3 h6 15. h3 Bf5 16. c5 Qa6 17. e4 Bh7 18. Bf1 e5 19. a3 a4 20. exd5 cxd5 21. Qc3 Qa5 22. Qxa5 Rxa5 23. c6 bxc6 24. Rxc6 e4 25. dxe4 dxe4 26. Nc4 Rd5 {Roos,D (2421)-Bricard,E (2461) France 2000 ½-½ (58)}) ({RR} 12. Rfc1 Rac8 13. Rab1 Bxf3 14. Nxf3 h6 15. b3 Rfe8 16. Qc3 Qa7 17. Bh3 b5 18. cxb5 cxb5 19. Qd4 Nfd7 20. Rc2 Qb7 21. Rbc1 Na6 22. Rxc8 Rxc8 23. Rxc8+ Qxc8 24. Qa7 b4 25. Nd4 Ndc5 26. Qb6 Qc7 {Wieczorek,Z (2316)-Musialkiewicz,P (2253) Poronin 2014 ½-½ (48)}) ({RR} 12. h3 Bh5 13. g4 Bg6 14. Nh4 Rad8 15. Kh1 e5 16. cxd5 cxd5 17. Rac1 Ne6 18. Nxg6 hxg6 19. e3 Rfe8 20. Qb3 Qa6 21. a4 Rc8 22. Bxd5 Nxd5 23. Qxd5 Rcd8 24. Qc4 Rxd3 25. Qxa6 bxa6 26. Nc4 Nc5 {Piasetski,L (2242)-Sosa,N (2078) St Croix 2018 ½-½}) ({RR} 12. Rac1 Ncd7 13. Rfe1 Rfe8 14. e3 h6 15. h3 Bf5 16. c5 Qa6 17. e4 Bh7 18. Bf1 e5 19. a3 a4 20. exd5 cxd5 21. Qc3 Qa5 22. Qxa5 Rxa5 23. c6 bxc6 24. Rxc6 e4 25. dxe4 dxe4 26. Nc4 Rd5 {Roos,D (2421)-Bricard,E (2461) France 2000 ½-½ (58)}) 12... Rfe8 13. a3 e5 14. cxd5 cxd5 15. Rac1 Rac8 16. Qb2 Bxf3 17. Nxf3 Qxb3 18. Rb1 Qxb2 19. Rxb2 g6 20. Rb5 a4 21. Bh3 Ne6 22. Rxb7 Rc7 23. Rxc7 Nxc7 24. Rb1 e4 25. Nd4 exd3 26. exd3 Kg7 27. Kf1 Na6 28. Rb5 Rb8 29. Ra5 Rb6 30. Ke2 h5 31. Bc8 Nc7 32. Rxa4 Nb5 33. Nxb5 Rxb5 34. Ke3 Rb8 35. Bh3 Rb2 36. Rb4 Ra2 37. a4 Kf8 38. Bc8 Ne8 39. h4 Nd6 40. Bh3 Ke7 41. Rd4 Ra3 42. Rb4 Ra2 43. Rf4 Ra3 44. Kd2 Nb7 45. Rd4 Ra2+ 46. Kc3 Nd6 47. Bg2 Rxf2 48. Bxd5 Rf1 49. Rf4 Rg1 50. a5 f5 51. Rf2 Rxg3 52. a6 Rg4 53. Bc4 Nc8 54. Rb2 Rxh4 55. Rb7+ Kd6 56. a7 Nxa7 57. Rxa7 Rg4 58. Bf7 Ke5 59. Ra6 g5 60. Bxh5 Rg1 61. Bg6 Rc1+ 62. Kd2 Rf1 63. Ke2 Rf4 64. Ke3 Kd5 65. Bf7+ Kc5 66. Rf6 Rf1 67. Ke2 Rf4 68. Bg6 Kd4 69. Rxf5 Rg4 70. Kf3 Rg1 71. Kf2 Rg4 72. Ra5 Kc3 73. Be4 1-0

[Event "45th Olympiad 2024"]
[Site "Budapest HUN"]
[Date "2024.09.13"]
[Round "3.9"]
[White "Pantsulaia, Levan"]
[Black "Movahed, Sina"]
[Result "1-0"]
[WhiteElo "2516"]
[BlackElo "2528"]
[PlyCount "95"]
[EventDate "2024.09.11"]
[WhiteTeam "Georgia"]
[BlackTeam "Iran"]
[WhiteTeamCountry "GEO"]
[BlackTeamCountry "IRI"]

1. Nf3 d5 2. g3 Nf6 3. Bg2 c5 4. O-O e6 5. d3 Nc6 6. Nbd2 Be7 7. e4 O-O 8. Re1 Qc7 9. e5 Nd7 10. Qe2 b5 11. h4 a5 12. Nf1 a4 13. a3 ({RR} 13. N1h2 a3 14. b3 c4 15. d4 Nb4 16. Bg5 Bxg5 17. hxg5 Ba6 18. Qd2 Qa5 19. Bf1 Rfc8 20. c3 Nd3 21. b4 Qc7 22. Re3 Nb2 23. Ng4 Nf8 24. Kg2 Ng6 25. Be2 Ne7 26. Bd1 Nf5 27. Re1 Kf8 {0-1 Amin,B (2694)-Erigaisi,A (2710) 56th Biel GM Blitz 2023 (8.3)}) ({RR} 13. N1h2 a3 14. b3 c4 15. d4 Nb4 16. Bg5 Bxg5 17. hxg5 Ba6 18. Qd2 Qa5 19. Bf1 Rfc8 20. c3 Nd3 21. b4 Qc7 22. Re3 Nb2 23. Ng4 Nf8 24. Kg2 Ng6 25. Be2 Ne7 26. Bd1 Nf5 27. Re1 Kf8 {Amin,B (2694)-Erigaisi,A (2710) Biel SUI 2023 0-1 (44)}) 13... b4 14. Bf4 ({RR} 14. h5 h6 15. Bf4 bxa3 16. bxa3 Rb8 17. Ne3 Nd4 18. Nxd4 cxd4 19. Ng4 Re8 20. Nf6+ Bxf6 21. exf6 e5 22. fxg7 Kxg7 23. Bxd5 Nf6 24. Bxe5 Rxe5 25. Qxe5 Qxe5 26. Rxe5 Rb5 27. Rae1 Nxd5 28. R1e4 Be6 {Quesada Perez,Y (2570)-Nandhidhaa,P (2380) chess.com INT 2025 1-0 (50)}) 14... Ba6 15. Ne3 Qa5 $146 ({RR} 15... bxa3 16. bxa3 Nd4 17. Nxd4 cxd4 18. Nxd5 exd5 19. e6 Bd6 20. e7 Bxf4 21. exf8=Q+ Rxf8 22. gxf4 {1-0 Cacho Reigadas,S (2445)-Marca Esturnell,J Benasque op 17th 1997 (3)}) ({RR} 15... bxa3 16. bxa3 Qa5 17. c4 Nd4 18. Nxd4 cxd4 19. Nxd5 exd5 20. Bxd5 Nc5 21. Bd2 Qc7 22. Qg4 Bc8 23. Qh5 Rb8 24. Bb4 Be6 25. Bxc5 Qxc5 26. Be4 g6 27. Qh6 Rb6 28. f4 Rfb8 29. h5 Bf8 30. Qg5 {0-1 Antunes,L (2045)-Fernandez Cano,V (2007) Titled Tue 7th May Late 2024 (11)}) ({RR} 15... bxa3 16. bxa3 Qa5 17. c4 Nd4 18. Nxd4 cxd4 19. Nxd5 exd5 20. Bxd5 Nc5 21. Bd2 Qc7 22. Qg4 Bc8 23. Qh5 Rb8 24. Bb4 Be6 25. Bxc5 Qxc5 26. Be4 g6 27. Qh6 Rb6 28. f4 Rfb8 29. h5 Bf8 30. Qg5 {Antunes,L (2045)-Fernandez Cano,V (2007) chess.com INT 2024 0-1 (58)}) 16. h5 bxa3 17. bxa3 Nd4 18. Qd1 h6 19. c4 dxc4 20. Nxc4 Bxc4 21. Nxd4 cxd4 22. dxc4 Rad8 23. Bd2 Qc7 24. Qxa4 Rb8 25. Qc6 Qa7 26. Bb4 Rfc8 27. Qe4 Bxb4 28. axb4 Qb6 29. Bf1 Qxb4 30. Bd3 Nf8 31. Qxd4 Rd8 32. Qe3 Rbc8 33. Reb1 Qe7 34. Ra7 Rc7 35. Rba1 Rcd7 36. Be2 Rc8 37. Rxd7 Nxd7 38. Ra7 Qd8 39. Qd4 Nc5 40. Qxd8+ Rxd8 41. Rc7 Na6 42. Rc6 Nb8 43. Rd6 Rc8 44. Bf3 Kf8 45. Bb7 Rxc4 46. Rd8+ Ke7 47. Rxb8 Rb4 48. f4 1-0

[Event "45th Olympiad 2024"]
[Site "Budapest HUN"]
[Date "2024.09.16"]
[Round "6.9"]
[White "Mamedyarov, Shakhriyar"]
[Black "Kazakouski, Valery"]
[Result "1-0"]
[WhiteElo "2733"]
[BlackElo "2577"]
[PlyCount "85"]
[EventDate "2024.09.11"]
[WhiteTeam "Azerbaijan"]
[BlackTeam "Lithuania"]
[WhiteTeamCountry "AZE"]
[BlackTeamCountry "LTU"]

1. Nf3 Nf6 2. g3 c5 3. Bg2 Nc6 4. O-O e5 5. e4 d6 6. Re1 Be7 7. c3 O-O 8. h3 Be6 ({RR} 8... h6 9. d3 Re8 10. Na3 Bf8 11. Nc4 b5 12. Ne3 Rb8 13. a4 a6 14. axb5 axb5 15. Nd2 Be6 16. Nd5 Bxd5 17. exd5 Ne7 18. c4 bxc4 19. dxc4 Nf5 20. Ra7 Nd4 21. Qa4 Re7 22. Ra6 Reb7 23. Kh1 {Kazakouski,V (2577)-Trost,E (2433) chess.com INT 2024 ½-½ (70)}) 9. Na3 ({RR} 9. d4 cxd4 10. cxd4 exd4 11. Nxd4 Nxd4 12. Qxd4 {½-½ Roulet-Dubonnet,E (2173)-Lie,K (2506) ch-NOR 2024 Storefjell NOR (9.8)}) 9... h6 10. d3 Qd7 $146 ({RR} 10... Re8 11. Nc2 Bf8 12. b4 cxb4 13. cxb4 a5 14. bxa5 Rxa5 15. d4 exd4 16. Nfxd4 Bd7 17. Bb2 Ra4 18. a3 Nxd4 19. Bxd4 d5 20. exd5 Rxe1+ 21. Qxe1 Bf5 22. Nb4 Qa5 23. Qe5 Rxa3 24. Rxa3 Qxa3 25. Qxf5 {½-½ Amin,B (2667)-Saric,I (2668) Bundesliga 2022-23 (1.5)}) ({RR} 10... Re8 11. Nc2 Bf8 12. b4 cxb4 13. cxb4 a5 14. bxa5 Rxa5 15. d4 exd4 16. Nfxd4 Bd7 17. Bb2 Ra4 18. a3 Nxd4 19. Bxd4 d5 20. exd5 Rxe1+ 21. Qxe1 Bf5 22. Nb4 Qa5 23. Qe5 Rxa3 24. Rxa3 Qxa3 25. Qxf5 {Amin,B (2667)-Saric,I (2668) Munich GER 2022 ½-½ (72)}) 11. Kh2 Rfe8 12. Nc2 b5 13. Ne3 Bf8 14. a4 bxa4 15. Qxa4 Qb7 16. Nd2 Nd7 17. Nd5 Nb6 18. Qa6 Rab8 19. Nf1 Ne7 20. Nfe3 Qxa6 21. Rxa6 Rb7 22. Bd2 Nexd5 23. exd5 Bd7 24. Ra2 Be7 25. Rea1 Ra8 26. h4 h5 27. c4 Be8 28. Bc3 Bd8 29. Bxe5 dxe5 30. d6 Rab8 31. Bxb7 Rxb7 32. Rxa7 Rb8 33. b4 cxb4 34. c5 b3 35. cxb6 b2 36. Rb1 Bxb6 37. Re7 Bxe3 38. fxe3 Ba4 39. Rxe5 f6 40. Rc5 Rb3 41. Rc4 Bb5 42. Rc2 Rxd3 43. Rbxb2 1-0

[Event "45th Olympiad 2024"]
[Site "Budapest HUN"]
[Date "2024.09.19"]
[Round "8.12"]
[White "Onyshchuk, Volodymyr"]
[Black "Sosa, Tomas ARG"]
[Result "1-0"]
[WhiteElo "2610"]
[BlackElo "2515"]
[PlyCount "105"]
[EventDate "2024.09.11"]
[WhiteTeam "Ukraine"]
[BlackTeam "Argentina"]
[WhiteTeamCountry "UKR"]
[BlackTeamCountry "ARG"]

1. Nf3 d5 2. g3 Bg4 3. Bg2 Nd7 4. O-O Ngf6 5. d4 e6 6. c4 c6 7. Qb3 Qb6 8. c5 Qa6 9. Nc3 b6 10. cxb6 axb6 11. e4 dxe4 12. Ne5 Nxe5 13. dxe5 Nd5 14. Nxe4 Be2 $146 ({RR} 14... Bb4 15. Nf6+ gxf6 16. Bxd5 cxd5 17. Qxb4 Bh3 18. Re1 fxe5 19. Qh4 Bf5 20. Qf6 Rg8 21. Bg5 Qb7 22. Rxe5 Be4 23. f3 Rg6 24. Qh8+ Kd7 25. Qxh7 Kd6 26. Bf4 Rxg3+ 27. hxg3 Bxh7 28. Rh5+ Ke7 29. Rxh7 {0-1 Matnadze,A (2210)-Tqeshelashvili,S (2300) GEO-ch (Women) 1998}) ({RR} 14... Bb4 15. Nf6+ gxf6 16. Bxd5 cxd5 17. Qxb4 Bh3 18. Re1 fxe5 19. Qh4 Bf5 20. Qf6 Rg8 21. Bg5 Qb7 22. Rxe5 Be4 23. f3 Rg6 24. Qh8+ Kd7 25. Qxh7 Kd6 26. Bf4 Rxg3+ 27. hxg3 Bxh7 28. Rh5+ Ke7 29. Rxh7 {Matnadze,A (2210)-Tqeshelashvili,S (2300) Tbilisi 1998 0-1 (37)}) 15. Re1 Qc4 16. Bd2 Be7 17. Nc3 Qxb3 18. axb3 Ba6 19. Nxd5 exd5 20. Bf1 Bb7 21. Rxa8+ Bxa8 22. Ra1 O-O 23. Ra7 Re8 24. b4 Kf8 25. Bd3 h6 26. f4 c5 27. Bb5 Rc8 28. f5 cxb4 29. f6 Bc5+ 30. Kf1 gxf6 31. e6 fxe6 32. Bxh6+ Kg8 33. Bd7 b5 34. Bxe6+ Kh8 35. Bg7+ Kh7 36. Bf5+ Kg8 37. Be6+ Kh7 38. Bf5+ Kg8 39. Bxc8 Bxa7 40. Bxf6 Kf7 41. Be5 b3 42. Ke2 Bg1 43. h4 d4 44. Bf4 Be4 45. Kf1 Bh2 46. Kf2 Kf6 47. Bd7 b4 48. Bh3 d3 49. Bg2 Bg6 50. Bf3 Ke6 51. Kg2 Bxg3 52. Kxg3 Kf6 53. Bd2 1-0

[Event "45th Olympiad 2024"]
[Site "Budapest HUN"]
[Date "2024.09.20"]
[Round "9.5"]
[White "Sargissian, Gabriel"]
[Black "Bluebaum, Matthias"]
[Result "1-0"]
[WhiteElo "2646"]
[BlackElo "2640"]
[PlyCount "79"]
[EventDate "2024.09.11"]
[WhiteTeam "Armenia"]
[BlackTeam "Germany"]
[WhiteTeamCountry "ARM"]
[BlackTeamCountry "GER"]

1. Nf3 d5 2. g3 Nf6 3. Bg2 c5 4. O-O e6 5. c4 d4 6. e3 Nc6 7. exd4 cxd4 8. d3 h6 9. Bf4 Bd6 10. Bxd6 Qxd6 11. Nbd2 O-O 12. a3 a5 13. Re1 e5 14. Rc1 Be6 15. c5 Qc7 16. Nc4 Nd7 17. Qe2 Rfe8 $146 ({RR} 17... Nxc5 18. Ncxe5 Nxe5 19. Nxe5 Qb6 20. Nc4 Qa6 21. b4 axb4 22. axb4 Na4 23. Qe5 Rfd8 24. b5 Qa7 25. Nd6 Nb2 26. Nf5 Bxf5 27. Qxf5 Qb6 28. Re7 Qg6 29. Qxg6 fxg6 30. Be4 Ra3 31. Rcc7 Nxd3 32. Rxg7+ {1-0 Svane,R (2619)-Zemlyanskii,I (2237) Titled Tue 1st Nov Early 2022 (10)}) ({RR} 17... e4 18. dxe4 Nxc5 19. Ncd2 Qb6 20. Nc4 Qc7 21. Ncd2 Qe7 22. Qb5 Na6 23. Ne5 Nab8 24. Ndc4 a4 25. Nd3 Rd8 26. e5 Bxc4 27. Qxc4 Ra5 28. e6 fxe6 29. Rxe6 Qf7 30. Rce1 Nd7 31. Bxc6 bxc6 32. Re8+ {1-0 Gagunashvili,M (2580)-Arutinian,D (2551) GEO-ch 79th Tbilisi 2020 (4.5)}) ({RR} 17... e4 18. dxe4 Nxc5 19. Ncd2 Qb6 20. Nc4 Qc7 21. Ncd2 Qe7 22. Qb5 Na6 23. Ne5 Nab8 24. Ndc4 a4 25. Nd3 Rd8 26. e5 Bxc4 27. Qxc4 Ra5 28. e6 fxe6 29. Rxe6 Qf7 30. Rce1 Nd7 31. Bxc6 bxc6 32. Re8+ {Gagunashvili,M (2580)-Arutinian,D (2551) Tbilisi 2020 1-0 (34)}) 18. Nd6 Rf8 19. Nh4 a4 20. Nhf5 Kh7 21. Qh5 Nf6 22. Qh4 Bxf5 23. Nxf5 Rh8 24. f4 exf4 25. gxf4 Qd8 26. Nd6 Qc7 27. Ne4 Nxe4 28. Bxe4+ g6 29. Qf6 Rhf8 30. f5 g5 31. Qd6 Qxd6 32. f6+ Kg8 33. cxd6 Nd8 34. d7 Ra6 35. Bf5 Ne6 36. Rc8 Rd6 37. Rxe6 fxe6 38. Bxe6+ Rxe6 39. Rxf8+ Kxf8 40. d8=Q+ 1-0

[Event "45th Olympiad 2024"]
[Site "Budapest HUN"]
[Date "2024.09.22"]
[Round "11.18"]
[White "Rodshtein, Maxim"]
[Black "Atabayev, Saparmyrat"]
[Result "1-0"]
[WhiteElo "2600"]
[BlackElo "2516"]
[PlyCount "99"]
[EventDate "2024.09.11"]
[WhiteTeam "Israel"]
[BlackTeam "Turkmenistan"]
[WhiteTeamCountry "ISR"]
[BlackTeamCountry "TKM"]

1. Nf3 Nf6 2. g3 d5 3. Bg2 Bg4 4. O-O Nbd7 5. d3 e5 6. h3 Bxf3 7. Bxf3 c6 8. e4 ({RR} 8. Bg2 Bc5 9. Nd2 O-O 10. c4 dxc4 11. Nxc4 Re8 12. Qc2 Qe7 13. e3 Nb6 14. b3 Nxc4 15. bxc4 Rad8 16. Rb1 Rd6 17. Rd1 h5 18. Bb2 Qd7 19. Qe2 Qf5 20. Bc3 Re7 21. Rd2 Qg6 22. Rbd1 b5 {1-0 Nemec,J (2416)-Jirovsky,M (2450) ch-CZE 2024 Ostrava CZE (8.4)}) 8... dxe4 9. dxe4 Nc5 $146 ({RR} 9... Bc5 10. Nd2 O-O 11. Qe2 a5 12. Bg2 a4 13. Nc4 b5 14. Ne3 Re8 15. Bd2 g6 16. b4 axb3 17. axb3 Nb6 18. Kh2 Qe7 19. Ng4 Nbd7 20. Nxf6+ Nxf6 21. h4 Kg7 22. Bh3 Red8 23. Rxa8 Rxa8 24. Bg5 {½-½ Nikolic,P (2638)-Grabarczyk,M (2450) Bundesliga 1213 2012 (4.6)}) ({RR} 9... Be7 10. Nd2 O-O 11. Qe2 Nc5 12. Rd1 Qc7 13. Nf1 Rad8 14. Bg5 Rxd1 15. Rxd1 Rd8 16. Bxf6 Bxf6 17. h4 Rxd1 18. Qxd1 Qd8 19. Qxd8+ Bxd8 20. Ne3 g6 21. Kf1 Kf8 22. Ke2 Ke7 23. Kd2 b5 24. Bg2 {½-½ Martin Del Campo C,R (2374)-Diaz Hernandez,H (2367) Mexico City Independencia Cup GM 2016 (2)}) ({RR} 9... Bc5 10. Nd2 O-O 11. Qe2 Qe7 12. Nc4 Rfd8 13. Bg5 h6 14. Bd2 Nf8 15. Ne3 Qd7 16. Ba5 Bb6 17. Bc3 Bd4 18. Rad1 Qxh3 19. Bxd4 exd4 20. Ng4 N6h7 21. Rd3 h5 22. Nh2 g6 23. Rfd1 Qe6 24. c3 {0-1 Maletin,P (2574)-Lintchevski,D (2450) EU-ch 9th Plovdiv 2008 (10)}) ({RR} 9... Bc5 10. Nd2 O-O 11. Qe2 a5 12. Bg2 a4 13. Nc4 b5 14. Ne3 Re8 15. Bd2 g6 16. b4 axb3 17. axb3 Nb6 18. Kh2 Qe7 19. Ng4 Nbd7 20. Nxf6+ Nxf6 21. h4 Kg7 22. Bh3 Red8 23. Rxa8 Rxa8 24. Bg5 {Nikolic,P (2638)-Grabarczyk,M (2450) Germany 2012 ½-½}) 10. Qe2 Qd7 11. Bg2 Ne6 12. Rd1 Nd4 13. Qf1 O-O-O 14. Rd2 Qc7 15. c3 Ne6 16. Rxd8+ Qxd8 17. Nd2 h5 18. Nf3 Qc7 19. Qe2 Bc5 20. b4 Bb6 21. Bd2 Rd8 22. h4 Ng4 23. Be1 Qd6 24. Bh3 g6 25. a4 a6 26. Ra2 Qd3 27. Kg2 f6 28. Nh2 f5 29. Rd2 Qb1 30. Rxd8+ Nxd8 31. exf5 gxf5 32. Bxg4 fxg4 33. Qxe5 Bc7 34. Qe2 a5 35. f3 gxf3+ 36. Nxf3 Qb3 37. Ng5 Qxa4 38. bxa5 Qa1 39. c4 Qb1 40. Bf2 Qg6 41. Bb6 Bxb6 42. axb6 c5 43. Qd1 Qc6+ 44. Kh3 Qg6 45. Qf3 Qb1 46. g4 Qxb6 47. gxh5 Kd7 48. Qd5+ Ke7 49. h6 Qb1 50. Qxc5+ 1-0

[Event "45th Olympiad 2024"]
[Site "Budapest HUN"]
[Date "2024.09.22"]
[Round "11.23"]
[White "Bachmann, Axel"]
[Black "Peralta, Fernando"]
[Result "1-0"]
[WhiteElo "2560"]
[BlackElo "2558"]
[PlyCount "167"]
[EventDate "2024.09.11"]
[WhiteTeam "Paraguay"]
[BlackTeam "Argentina"]
[WhiteTeamCountry "PAR"]
[BlackTeamCountry "ARG"]

1. g3 d5 2. Nf3 Nf6 3. Bg2 e6 4. O-O Be7 5. d3 O-O 6. Nbd2 b6 7. e4 dxe4 8. dxe4 Bb7 9. Qe2 Nc6 10. e5 Nd7 11. Rd1 Qc8 12. h4 ({RR} 12. Nb3 Rd8 13. Bf4 a5 14. a3 a4 15. Nbd4 Nxd4 16. Nxd4 Bxg2 17. Kxg2 Qb7+ 18. Qf3 Qxf3+ 19. Kxf3 Nc5 20. Nc6 Re8 21. Be3 Rac8 22. Bxc5 Bxc5 23. Rd7 b5 24. b4 axb3 25. cxb3 Kf8 26. a4 bxa4 {1-0 Svidler,P (2729)-Rosen,E (2353) Chess24 Banter Blitz Cup 2019 (1.6)}) ({RR} 12. Nb3 Rd8 13. Bf4 a5 14. a3 a4 15. Nbd4 Nxd4 16. Nxd4 Bxg2 17. Kxg2 Qb7+ 18. Qf3 Qxf3+ 19. Kxf3 Nc5 20. Nc6 Re8 21. Be3 Rac8 22. Bxc5 Bxc5 23. Rd7 b5 24. b4 axb3 25. cxb3 Kf8 26. a4 bxa4 {Svidler,P (2729)-Rosen,E (2353) chess24.com INT 2019 1-0 (52)}) ({RR} 12. Nb3 Rd8 13. Bf4 a5 14. a3 a4 15. Nbd4 Nxd4 16. Nxd4 Bxg2 17. Kxg2 Qb7+ 18. Qf3 Qxf3+ 19. Kxf3 Nc5 20. Nc6 Re8 21. Be3 Rac8 22. Bxc5 Bxc5 23. Rd7 b5 24. b4 axb3 25. cxb3 Kf8 26. a4 bxa4) ({RR} 12. a4 a5 13. Nc4 Rd8 14. h4 Nf8 15. Bg5 h6 16. Bxe7 Nxe7 17. Nd4 Bxg2 18. Kxg2 Rd5 19. Nb5 Qd7 20. Ne3 Rxd1 21. Rxd1 Qc6+ 22. Qf3 Rc8 23. Na7 Qxf3+ 24. Kxf3 Ra8 25. Nb5 Rc8 26. h5 Nc6) 12... Rd8 13. Nf1 ({RR} 13. b3 a5 14. Bb2 a4 15. Ne4 axb3 16. axb3 Rxa1 17. Rxa1 h6 18. Bc3 Nc5 19. Ned2 Bf8 20. b4 Nd7 21. b5 Ne7 22. Ne4 Nd5 23. Bd4 Nc5 24. Bxc5 Bxc5 25. Rd1 Be7 26. Nd4 Qa8 27. Qg4 Kf8 {1-0 Ortega,M (2453)-Tchouka,Y (1932) 45th Olympiad 2024 (2.64)}) ({RR} 13. b3 a5 14. Bb2 a4 15. Ne4 axb3 16. axb3 Rxa1 17. Rxa1 h6 18. Bc3 Nc5 19. Ned2 Bf8 20. b4 Nd7 21. b5 Ne7 22. Ne4 Nd5 23. Bd4 Nc5 24. Bxc5 Bxc5 25. Rd1 Be7 26. Nd4 Qa8 27. Qg4 Kf8 {Ortega Amarelle,M (2453)-Tchouka,Y (1932) Budapest HUN 2024 1-0 (34)}) 13... Nc5 $146 ({RR} 13... Nf8 14. Bg5 Rxd1 15. Rxd1 Qe8 16. c3 Rd8 17. N3d2 Ng6 18. Bxe7 Ngxe7 19. Ne3 Nf5 20. Nxf5 exf5 21. f4 Na5 22. Bxb7 Nxb7 23. Nb3 a5 24. Rxd8 Nxd8 25. Nd4 g6 26. Qb5 Qxb5 27. Nxb5 Ne6 28. Kf2 {1-0 Strikovic,A (2460)-Janosevic,D (2330) Belgrade GMA op 1988}) ({RR} 13... Nf8 14. Bg5 Bxg5 15. hxg5 Ng6 16. c3 Rd5 17. Rxd5 exd5 18. Re1 Qd7 19. e6 fxe6 20. Qxe6+ Qxe6 21. Rxe6 Kf7 22. Re2 Rd8 23. Rd2 Bc8 24. Ne3 Be6 25. b4 Nce7 26. Nd4 c5 27. bxc5 bxc5 28. Nxe6 {1-0 Szabo,L-Dzieciolowski,A Przepiorka Memorial-02 1957 (1)}) ({RR} 13... Nf8 14. Bg5 Bxg5 15. hxg5 Ng6 16. N1h2 Rxd1+ 17. Rxd1 Qe8 18. Ng4 Rd8 19. c3 Rxd1+ 20. Qxd1 Nce7 21. Nd2 Bxg2 22. Kxg2 Qd8 23. Qe2 Nd5 24. Qf3 Ndf4+ 25. gxf4 Nh4+ {0-1 Christoph,M-Capelan,G GER-ch51 (FRG-09) 1970 (5)}) ({RR} 13... Nf8 14. Bg5 Bxg5 15. hxg5 Ng6 16. c3 Rd5 17. Rxd5 exd5 18. Re1 Qd7 19. e6 fxe6 20. Qxe6+ Qxe6 21. Rxe6 Kf7 22. Re2 Rd8 23. Rd2 Bc8 24. Ne3 Be6 25. b4 Nce7 26. Nd4 c5 27. bxc5 bxc5 28. Nxe6 {Szabo,L-Dzieciolowski,A Szczawno Zdroj 1957 1-0 (39)}) ({RR} 13... Nf8 14. Bg5 Rxd1 15. Rxd1 Qe8 16. c3 Rd8 17. N3d2 Ng6 18. Bxe7 Ngxe7 19. Ne3 Nf5 20. Nxf5 exf5 21. f4 Na5 22. Bxb7 Nxb7 23. Nb3 a5 24. Rxd8 Nxd8 25. Nd4 g6 26. Qb5 Qxb5 27. Nxb5 Ne6) 14. Bf4 Rxd1 15. Rxd1 Qe8 16. c3 a5 17. Nd4 a4 18. Ne3 Rd8 19. h5 h6 20. Ng4 a3 21. b3 Nxd4 22. cxd4 Bxg2 23. Kxg2 Qc6+ 24. f3 Nb7 25. Rc1 Qd7 26. Qa6 c5 27. Qxb6 Rc8 28. Ne3 Nd8 29. Rd1 cxd4 30. Rxd4 Qe8 31. Nc4 Bc5 32. Qa6 Nc6 33. Rd2 Nb4 34. Qxa3 Ra8 35. Qc1 Nxa2 36. Qc2 Nb4 37. Qe4 Nd5 38. Be3 Bxe3 39. Nxe3 Nxe3+ 40. Qxe3 Qc6 41. Qf4 Qb7 42. b4 Rb8 43. Rd4 Qa7 44. Kh3 Qa4 45. Qd2 Qb3 46. Rf4 Qb1 47. Qd7 Rf8 48. Kg4 Qe1 49. Qd6 Qb1 50. Qc5 Qh1 51. Qc4 Qe1 52. Re4 Qd2 53. Rf4 Qe1 54. Qd4 Qb1 55. Re4 Qh1 56. Qd2 Qb1 57. Qe2 Rb8 58. Qc4 Qb2 59. Rd4 Qb1 60. f4 Qf5+ 61. Kh4 Qb1 62. Qc7 Rf8 63. Qb7 Qb2 64. Qe4 Qh2+ 65. Kg4 Qb2 66. Qd3 Rb8 67. b5 Kh8 68. Rd8+ Rxd8 69. Qxd8+ Kh7 70. Qd3+ Kg8 71. Kf3 Qb4 72. Ke2 Qc5 73. Qb3 Qb6 74. Qc4 Qg1 75. Qc8+ Kh7 76. Qc2+ Kg8 77. Qc8+ Kh7 78. Qc6 Qh2+ 79. Kf1 Qxh5 80. Qc2+ g6 81. Kg2 Kg7 82. b6 g5 83. b7 g4 84. Qf2 1-0